Statistics for Brazilian States Superlatives

Click here to take the quiz!

General Stats

  • This quiz has been taken 22 times
  • The average score is 15 of 24

Answer Stats

HintAnswer% Correct
Biggest AreaAmazonas
100%
Southern MostRio Grande do Sul
100%
Northern MostRoraima
92%
Largest PopulationSão Paulo
92%
Western MostAcre
77%
Smallest AreaDistrito Federal
77%
Eastern MostParaíba
77%
Smallest PopulationRoraima
77%
Highest GDPSão Paulo
69%
Most International FrontiersAmazonas
62%
Most National FrontiersBahia
62%
Most CitiesMinas Gerais
62%
Least CitiesRoraima
62%
Lowest Average TemperatureSanta Catarina
62%
Highest IDHDistrito Federal
54%
Highest GDP Per CapitaDistrito Federal
54%
Lowest GDP Per CapitaMaranhão
54%
Lowest IDHAlagoas
46%
Highest PointAmazonas
46%
Highest Average TemperaturePiauí
46%
Lowest GDPRoraima
46%
Lowest Population DensityAmazonas
38%
Highest Population DensityDistrito Federal
38%
Most Presidents ElectedMinas Gerais
31%

Score Distribution

Percentile by Number Answered

Percent of People with Each Score

Your Score History

You have not taken this quiz